• 首页
  • 本馆介绍
  • 公告通知
  • 最新文献
  • 馆藏检索
  • 电子资源
  • 读者荐购
  • 参考咨询
  • CALIS
  • 我的图书馆
  • 登录
  • 详细信息显示
  • 放入我的书架
  • 预约/预借图书
  • 作者相关作品
  • 分类相关作品
  • 丛书相关作品
  • 出版社相关作品

书目信息

  • 表格格式
  • 工作单格式
  • 卡片格式
书名: Urbanatomy shanghai
作者:
分册号:
分册名:
出版地: SHANGHAI
 
出版社: CHINA INTERCONTINENTAL PRESS
出版时间: 2008
页数: 598p
开本: 24cm
丛书名:
中图分类号:
科图分类号:
其他分类号: K928.951
主题词:
电子资源:
 
 
 
 
 
000 00391nam0 2200145 450
001 202012198561
005 20121107150218.0
008 20010101s
020    @a978-7-5085-1173-3@c$19.95
099    @dK928.951@eO341
245 10 @aUrbanatomy shanghai
260 0  @aSHANGHAI@bCHINA INTERCONTINENTAL PRESS@c2008
300    @a598p@c24cm
905    @b7044-6
905    @aTSG@dK928.951@eO341
    
    Urbanatomy shanghai.-SHANGHAI : CHINA INTERCONTINENTAL PRESS , 2008
    598p ; 24cm
    
    
    ISBN 978-7-5085-1173-3$19.95
    
●
相关链接 在E读中查询图书 在当当中查询图书 在豆瓣中查询图书


正题名:Urbanatomy shanghai     索取号:K928.951/O341         预约/预借

序号 登录号 条形码 馆藏地/架位号 状态 备注
1 7044   300070447   社科库309/309社科库 999排3列2层/ [索取号:K928.951/O341] 在馆    
2 7045   300070456   社科库309/309社科库 999排3列2层/ [索取号:K928.951/O341] 在馆    
3 7046   300070465   社科库309/309社科库 999排3列2层/ [索取号:K928.951/O341] 在馆    
河南城建学院图书馆 欢迎您!
大连网信软件有限公司© 版权所有